000 00261nam a22001337a 4500
003 SGT
082 _a617.51
_bC13S
100 _aSOOD,V P
245 _aCORRECTIVE RHIOPLASTY
250 _a3RD
260 _aINDIA
_bCBS
_c2013
300 _a286
942 _2ddc
_cBK
999 _c14335
_d14335